00559nam a22001697a 450000500170000001000150001702000260003203500130005803700130007108200150008410000160009924500810011526000460019627000730024230000240031550000500033920130501114020.0 aENG-106931 a9788177082494c665.00 aEN-90464 bDBAD/PUB a305.420954 aNeeta Tapan aMicro credit, Self-help Groups(SHGs) and women empowerment /cby Neeta Tapan aNew DelhibNew Century Publicationsc2010 a4800/24, Bharat Ram Road, Ansari Road, Darya GanjbNew Delhie110002 axv,246p. c23cm(Hb) aIncludes bibliographical references and index